000 00625nam a2200205Ia 4500
003 GCL
008 140319s9999 xx 000 0 ara d
040 _aGCL /
_cGCL
082 0 4 _a811.062
_bا ب
100 1 _aابراهيم الباجورى
245 1 0 _aالبردة للامام البوصيرى /
_cابراهيم الباجورى
700 1 _aعبدالرحمن حسن محمود
260 _a[S.N] :
_bمكتبه الاداب ،
_c1991
300 _a142 ص
490 _a
650 0 4 _aالشعر العربى
650 0 4 _aالشعر الدينى
650 0 4 _aدواوين وقصائد
942 _2ddc
_cBK
999 _c53581
_d53581